Biggest Metropolitan Areas on the Mississippi River - Statistics

General Stats
  • This quiz has been taken 115 times
  • The average score is 7 of 10
Answer Stats
State(s) Metro Area % Correct
Louisiana New Orleans
100%
Louisiana Baton Rouge
98%
Tennessee/Arkansas/Mississippi Memphis
97%
Missouri/Illinois St. Louis
97%
Minnesota/Wisconsin Minneapolis-St. Paul-Bloomington
96%
Iowa/Illinois Quad Cities- Davenport, Bettendorf, Rock Island, Moline
65%
Iowa Dubuque
46%
Minnesota St. Cloud
43%
Wisconsin La Crosse
39%
Missouri/Illinois Cape Girardeau-Jackson
33%
No matching quizzes found
Score Distribution
Percent of People with Each Score
Percentile by Number Answered
Your Score History
You have not taken this quiz